Právo cenných papierov

Salvato in:
Dettagli Bibliografici
Autore principale: Holub, Dušan
Altri autori: Čunderlík, Ľubomír, Horniaková, Ľubica
Natura: Libro
Lingua:slovacco
Pubblicazione: Bratislava Iura Edition 2013
Edizione:1. vyd.
Soggetti:
Tags: Aggiungi Tag
Nessun Tag, puoi essere il primo ad aggiungerne!!

MARC

LEADER 00000nam a2200000 4500
001 0165901
005 20240502072905.8
020 |a 978-80-8078-562-8 
041 0 |a slo 
044 |a SK 
245 1 0 |a Právo cenných papierov  |c Dušan Holub ; recenzenti: Ľubomír Čunderlík, Ľubica Horniaková 
250 |a 1. vyd. 
264 1 |a Bratislava  |b Iura Edition  |c 2013 
300 |a 197 s. [9,85 AH] 
610 2 0 |a úpravy právne 
610 2 0 |a zákony 
610 2 0 |a papiere cenné 
610 2 0 |a zmluvy 
610 2 0 |a akcie 
610 2 0 |a akcie prioritné 
610 2 0 |a dlhopisy 
610 2 0 |a dlhopisy štátne 
610 2 0 |a poukážky pokladničné 
610 2 0 |a obligácie 
610 2 0 |a obligácie komunálne 
610 2 0 |a zamestnanci 
610 2 0 |a knižky vkladné 
610 2 0 |a listy vkladové 
610 2 0 |a tovar 
610 2 0 |a listy podielové 
610 2 0 |a družstvá 
610 2 0 |a fondy podielové 
100 1 |a Holub, Dušan 
700 1 |a Čunderlík, Ľubomír 
700 1 |a Horniaková, Ľubica